phase de poule ldc 25/26 - Statistiques

Statistiques générales
  • Ce quiz a été pris 64 fois
  • Le résultat moyen est 19 sur 36
Statistiques - réponses
POSITION CLUB % Correct
11 PSG
90%
1 ARSENAL
84%
3 LIVERPOOL
84%
5 FC BARCELONE
82%
9 REAL MADRID
82%
2 BAYERN MUNICH
80%
8 MANCHESTER CITY
80%
10 INTER MILAN
78%
25 MARSEILLE
78%
23 BODO /GLIMT
76%
21 MONACO
76%
7 SPORTING
71%
6 CHELSEA
67%
4 TOTTENHAM
67%
24 BENFICA
63%
13 JUVENTUS
63%
12 NEWCASTLE
61%
17 DORTMUND
57%
32 AJAX
51%
16 LEVERKUSEN
47%
28 PSV
45%
20 GALATASARAY
43%
14 ATLETICO DE MADRID
41%
30 NAPLES
41%
22 QARABAG
37%
26 PAFOS
33%
35 VILLAREAL
31%
29 BILBAO
29%
19 BRUGGES
29%
33 FRANCFORT
24%
18 OLYMPIAKOS
22%
27 UNION SAINT GILLOISE
18%
36 ALMATY
16%
31 COPENHAGUE
12%
34 PRAGUE
8%
15 ATLANTA BERGAME
2%
Aucun quiz correspondant
Distribution des résultats
% des personnes avec chaque résultat
Percentile par nombre de réponses
Votre historique - résultats
Vous n’avez pas pris ce quiz